000 01047nam a2200229 i 4500
001 183670
003 ES-MaACL
005 20251108164905.0
008 140918s1872 fr |||| | fre d
245 0 3 _aLe respect de la vie
_b: séance de la Fédération Générale des Instituteurs Belges /
_cdiscours de M.M. H. Hymans, Frédéric Passy, A. Visschers, etc ...
260 _aParis :
_bPichon :
_bGuillaumin,
_c[1872]
300 _a115 p. ;
_c16 cm.
490 1 _aBibliothèque de la paix publiée par les soins de la Ligue internationale et permanente de la paix ;
_v12
650 0 4 _aPacifismo.
_915784
700 1 _aHymans, Henri,
_d1836-1912
_964882
700 0 _aPassy, Frédéric.
_989461
700 1 _aVisschers, Auguste,
_d1804-1874
_9155541
710 2 _aLigue Internationale et Permanente de la Paix.
_9155478
830 0 _aBibliothèque de la paix publiée par les soins de la Ligue internationale et permanente de la paix ;
_v12
_9192012
852 _aES-MaACL
_jT-1295-F-5
_z.- Donat. Bosch
999 _c183670
_d183670